000 00594nam a2200205Ia 4500
003 IN-BaIIA
008 211028s9999 xx 000 0 eng d
020 _a978-0-691-02589-6
040 _cIIA Library
080 _a530.145
_bEDM
100 _aEdmonds, A. R
_935011
245 0 _aAngular momentum in quantum mechanics
_cA. R. Edmonds
250 _a2nd ed.
260 _aNew Jersey
_bPrinceton University Press
_c1996
300 _aviii, 146p.
490 _aPrinceton landmarks in mathematics and physics
650 _aAngular momentum
_95149
650 _aQuantum mechanics
942 _cBK
999 _c18285
_d18285